| 000 | 00711nam a22001937a 4500 | ||
|---|---|---|---|
| 005 | 20120410150757.0 | ||
| 020 |
_a0835110036 _c00.00 |
||
| 035 | _aA-841012 | ||
| 035 | _aA-841011 | ||
| 037 |
_aDPL _bENG |
||
| 100 |
_aCheng'en, Wu _944930 |
||
| 245 |
_aJourney to the west / _cby Wu Cheng'en |
||
| 250 | _aVol.I | ||
| 260 |
_aBeijing _bFoeign Languages Press _c1982 |
||
| 300 |
_a575p. _c20 cms. |
||
| 942 |
_2ddc _cEN _h250 _mCHE |
||
| 999 |
_c64828 _d64828 |
||